| 000 | 00500nam a2200169 a 4500 | ||
|---|---|---|---|
| 001 | 7478 | ||
| 005 | 20180713191354.0 | ||
| 008 | 140415s1992 mx 000 0 spa d | ||
| 041 | _aspa | ||
| 082 |
_a150.1943 _bCAS |
||
| 100 | 1 | _aCASTRO, LUIS | |
| 245 | 1 | 0 |
_aDISEÑO EXPERIMENTAL SIN ESTADISTICA : _bUSOS Y RESTRICCIONES EN SU APLICACION A LAS CIENCIAS DE... |
| 250 | _a2a ed. | ||
| 260 |
_aMEXICO : _bTRILLAS, _c1992 |
||
| 300 | _a242 | ||
| 650 | 1 | 4 |
_aDISEO EXPERIMENTAL _xPSICOMETRIA |
| 999 |
_c7478 _d7478 |
||